|
|
|
|
| LEADER |
00000nab#a22000007a#4500 |
| 001 |
arbauad039574 |
| 003 |
AR-BaUAD |
| 005 |
20250711113102.0 |
| 008 |
990827|||||||||###||||||b###|0###a|spa|| |
| 040 |
|
|
|a AR-BaUAD
|c AR-BaUAD
|b spa
|
| 245 |
1 |
0 |
|a Milano 1999
|b l'ultimo appuntamento del Millenio
|
| 300 |
0 |
|
|b fot.
|
| 653 |
|
|
|a DISEÑO INDUSTRIAL
|
| 653 |
|
|
|a SILLAS
|
| 653 |
|
|
|a EXPOSICIONES
|
| 653 |
|
|
|a VITRA
|
| 653 |
|
|
|a LAMPARAS
|
| 653 |
|
|
|a DISEÑADORES INDUSTRIALES
|
| 653 |
|
|
|a MUEBLES
|
| 653 |
|
|
|a MESAS
|
| 653 |
|
|
|a COCINAS
|
| 653 |
|
|
|a DISEÑO DE INTERIORES
|
| 653 |
|
|
|a SOTTSASS, ETTORE
|
| 653 |
|
|
|a MUNARI, BRUNO
|
| 653 |
|
|
|a MORRISON, JASPER
|
| 653 |
|
|
|a LEVANTI, GIOVANNI
|
| 653 |
|
|
|a WIEGAND, LORENZ
|
| 653 |
|
|
|a VAN SEVEREN, MAARTEN
|
| 653 |
|
|
|a STARCK, PHILIPPE
|
| 653 |
|
|
|a BONINGER, CHRISTOPH
|
| 653 |
|
|
|a KUHL, THOMAS
|
| 653 |
|
|
|a RIZZATTO, PAOLO
|
| 653 |
|
|
|a ASTORI, ANTONIA
|
| 653 |
|
|
|a CITTERIO, ANTONIO
|
| 653 |
|
|
|a MAGISTRETTI, VICO
|
| 653 |
|
|
|a PILLET, CHRISTOPHE
|
| 653 |
|
|
|a STARCK, PHILIPPE
|
| 653 |
|
|
|a ZANUSO, MARCO
|
| 773 |
0 |
|
|t DOMUS
|g no. 817 [jul.-ago. 1999], p. 52-88
|
| 942 |
|
|
|c ARTI
|
| 952 |
|
|
|0 0
|1 0
|4 0
|7 0
|9 84493
|a AR-BAuAD
|b AR-BAuAD
|d 2025-07-11
|l 0
|p AAQA039574
|r 2025-07-11 11:31:02
|w 2025-07-11
|y ARTI
|
| 990 |
|
|
|a AQ199
|b TD
|
| 998 |
|
|
|a AAQ
|b BIBUN76
|
| 999 |
|
|
|c 64166
|d 64166
|